5HLuxD.jpg

KING HENRY VIII SENIOR AND PRIMARY SCHOOL LIBRARY OPAC

The knife of never letting go / (Record no. 186)

000 -LEADER
fixed length control field 01787nam a2200505Ii 4500
001 - CONTROL NUMBER
control field 870663515
003 - CONTROL NUMBER IDENTIFIER
control field OCoLC
005 - DATE AND TIME OF LATEST TRANSACTION
control field 20190731095216.0
008 - FIXED-LENGTH DATA ELEMENTS--GENERAL INFORMATION
fixed length control field 140217t20142008mau 000 0 eng d
020 ## - INTERNATIONAL STANDARD BOOK NUMBER
International Standard Book Number 9780763676186 (paperback)
020 ## - INTERNATIONAL STANDARD BOOK NUMBER
International Standard Book Number 0763676187 (paperback)
035 ## - SYSTEM CONTROL NUMBER
System control number (OCoLC)870663515
040 ## - CATALOGING SOURCE
Original cataloging agency YDXCP
Language of cataloging eng
Description conventions rda
Transcribing agency YDXCP
Modifying agency NYP
049 ## - LOCAL HOLDINGS (OCLC)
Holding library NYPP
082 ## - DEWEY DECIMAL CLASSIFICATION NUMBER
Classification number FIC NES
091 ## - MICROFILM SHELF LOCATION (AM) [OBSOLETE]
Microfilm shelf location FIC
100 1# - MAIN ENTRY--PERSONAL NAME
Personal name Ness, Patrick,
Dates associated with a name 1971-
Relator term author.
245 14 - TITLE STATEMENT
Title The knife of never letting go /
Statement of responsibility, etc. Patrick Ness.
250 ## - EDITION STATEMENT
Edition statement Second U.S. paperback edition.
264 #1 - PRODUCTION, PUBLICATION, DISTRIBUTION, MANUFACTURE, AND COPYRIGHT NOTICE
Place of production, publication, distribution, manufacture Somerville, Massachusetts :
Name of producer, publisher, distributor, manufacturer Candlewick Press,
Date of production, publication, distribution, manufacture, or copyright notice 2014.
264 #4 - PRODUCTION, PUBLICATION, DISTRIBUTION, MANUFACTURE, AND COPYRIGHT NOTICE
Date of production, publication, distribution, manufacture, or copyright notice ℗♭2008.
300 ## - PHYSICAL DESCRIPTION
Extent 512 pages ;
Dimensions 22 cm.
336 ## - CONTENT TYPE
Content type term text
Source rdacontent.
337 ## - MEDIA TYPE
Media type term unmediated
Source rdamedia.
338 ## - CARRIER TYPE
Carrier type term volume
Source rdacarrier.
490 1# - SERIES STATEMENT
Series statement Chaos walking ;
Volume/sequential designation bk. 1.
520 ## - SUMMARY, ETC.
Summary, etc. Pursued by power-hungry Prentiss and mad minister Aaron, young Todd and Viola set out across New World searching for answers about his colony's true past and seeking a way to warn the ship bringing hopeful settlers from Old World.
650 #0 - SUBJECT ADDED ENTRY--TOPICAL TERM
Topical term or geographic name entry element Social problems
Form subdivision Juvenile fiction.
650 #0 - SUBJECT ADDED ENTRY--TOPICAL TERM
Topical term or geographic name entry element Dogs
Form subdivision Juvenile fiction.
650 #0 - SUBJECT ADDED ENTRY--TOPICAL TERM
Topical term or geographic name entry element Human-animal communication
Form subdivision Juvenile fiction.
650 #0 - SUBJECT ADDED ENTRY--TOPICAL TERM
Topical term or geographic name entry element Human-animal relationships
Form subdivision Juvenile fiction.
650 #0 - SUBJECT ADDED ENTRY--TOPICAL TERM
Topical term or geographic name entry element Space colonies
Form subdivision Juvenile fiction.
650 #0 - SUBJECT ADDED ENTRY--TOPICAL TERM
Topical term or geographic name entry element Telepathy
Form subdivision Juvenile fiction.
650 #1 - SUBJECT ADDED ENTRY--TOPICAL TERM
Topical term or geographic name entry element Social problems
Form subdivision Fiction.
650 #1 - SUBJECT ADDED ENTRY--TOPICAL TERM
Topical term or geographic name entry element Telepathy
Form subdivision Fiction.
650 #1 - SUBJECT ADDED ENTRY--TOPICAL TERM
Topical term or geographic name entry element Human-animal communication
Form subdivision Fiction.
650 #1 - SUBJECT ADDED ENTRY--TOPICAL TERM
Topical term or geographic name entry element Space colonies
Form subdivision Fiction.
655 #7 - INDEX TERM--GENRE/FORM
Genre/form data or focus term Science fiction.
Source of term lcgft.
800 1# - SERIES ADDED ENTRY--PERSONAL NAME
Personal name Ness, Patrick,
Dates associated with a name 1971-
Title of a work Chaos walking ;
Volume/sequential designation bk. 1.
901 ## - LOCAL DATA ELEMENT A, LDA (RLIN)
a lis
b CATBL
901 ## - LOCAL DATA ELEMENT A, LDA (RLIN)
a MARS
942 ## - ADDED ENTRY ELEMENTS (KOHA)
Source of classification or shelving scheme
Koha item type Books - Fiction
945 ## - LOCAL PROCESSING INFORMATION (OCLC)
a .b202214928
946 ## - LOCAL PROCESSING INFORMATION (OCLC)
a m
Holdings
Withdrawn status Lost status Source of classification or shelving scheme Damaged status Not for loan Collection code Permanent Location Current Location Shelving location Date acquired Total Checkouts Full call number Barcode Date last seen Date last checked out Price effective from Koha item type
          Fiction KH8 Senior School Library KH8 Senior School Library Young Adult 2019-07-31 2 FIC NES 3KHSL000101102 2024-07-23 2020-10-13 2019-07-31 Books - Fiction

Powered By KH8 IT Dept